|
|
|
|
| LEADER |
00000nam0a2200000 4500 |
| 001 |
188250 |
| 005 |
20231031174924.0 |
| 020 |
|
|
|a RU
|b 90-48027
|
| 035 |
|
|
|a (RuTPU)RU\TPU\book\204484
|
| 090 |
|
|
|a 188250
|
| 100 |
|
|
|a 20101206d1990 km y0rusy5003 ca
|
| 101 |
0 |
|
|a rus
|
| 102 |
|
|
|a RU
|
| 105 |
|
|
|a a z 001zy
|
| 200 |
1 |
|
|a Методики рентгенофлуоресцентного анализа в полевых и лабораторных условиях
|e сборник научных трудов
|f Академия наук СССР (АН СССР), Институт минералогии, геохимии и кристаллохимии редких элементов (ИМГРЭ) ; под ред. Е. И. Зайцева
|
| 210 |
|
|
|a Москва
|c ИМГРЭ
|d 1990
|
| 215 |
|
|
|a 71,[1] с.
|c ил.
|
| 320 |
|
|
|a Библиогр. в конце ст.
|
| 610 |
1 |
|
|a руды
|
| 610 |
1 |
|
|a редкие металлы
|
| 610 |
1 |
|
|a рентгенофлуоресцентный анализ
|
| 610 |
1 |
|
|a полевые условия
|
| 610 |
1 |
|
|a методика
|
| 675 |
|
|
|a 553.835.4
|z rus
|
| 686 |
|
|
|a 38.49
|2 rugasnti
|
| 702 |
|
1 |
|a Зайцев
|b Е. И.
|4 340
|
| 712 |
0 |
2 |
|a Академия наук СССР (АН СССР)
|b Институт минералогии, геохимии и кристаллохимии редких элементов (ИМГРЭ)
|c (Москва)
|2 stltpush
|3 (RuTPU)RU\TPU\col\10887
|
| 801 |
|
0 |
|a RU
|b RuMRKP
|c 19960705
|g psbo
|
| 801 |
|
1 |
|a RU
|b 63413507
|c 20101206
|
| 801 |
|
2 |
|a RU
|b 63413507
|c 20110117
|g RCR
|
| 942 |
|
|
|c BK
|